Countries That Ban Polygyny - Statistics

General Stats
  • This quiz has been taken 26 times
  • The average score is 8 of 12
Answer Stats
Country % Correct
Iran
92%
Iraq
84%
Jordan
80%
Lebanon
80%
India
68%
Kuwait
68%
Sudan
68%
Egypt
64%
Morocco
64%
Syria
64%
Algeria
60%
Bangladesh
40%
No matching quizzes found
Score Distribution
Percent of People with Each Score
Percentile by Number Answered
Your Score History
You have not taken this quiz